Plant biotechnology: The genetic manipulation of plants (Record no. 312156)

MARC details
000 -LEADER
fixed length control field 00589 a2200205 4500
005 - DATE & TIME
control field 20240423114147.0
008 - FIXED-LENGTH DATA ELEMENTS--GENERAL INFORMATION
fixed length control field 240423b |||||||| |||| 00| 0 eng d
020 ## - ISBN
International Standard Book Number 9781639894192
Price $ 154.00
040 ## - CATALOGING SOURCE
Original cataloging agency VIVEKANANDA LIBRARY
082 ## - DDC NUMBER
Classification number 660.602458
Book Number G357P
100 ## - MAIN ENTRY--PERSONAL NAME
Personal name Gibson, Ava
245 ## - TITLE STATEMENT
Title Plant biotechnology: The genetic manipulation of plants
260 ## - PUBLICATION, DISTRIBUTION, ETC. (IMPRINT)
Name of publisher, distributor, etc States Academic Press
Date of publication, distribution, etc 2021
Place of publication, distribution, etc Brooklyn
300 ## - PHYSICAL DESCRIPTION
Pages viii, 233
650 ## - Subject
Subject Plant Biotechnology
650 ## - Subject
Subject Plant Genetic Engineering
650 ## - Subject
Subject Agricultural Biotechnology
650 ## - Subject
Subject Transgenic Plants
942 ## - ADDED ENTRY ELEMENTS (KOHA)
Koha item type Books
Holdings
Withdrawn status Lost status Source of classification or shelving scheme Damaged status Not for loan Location (home branch) Sublocation or collection (holding branch) Shelving location Date acquired Koha issues (times borrowed) Koha full call number Accession No. Koha date last seen Koha item type
    Dewey Decimal Classification     VIVEKANANDA LIBRARY VIVEKANANDA LIBRARY UIET Library 11/03/2024   660.602458 G357P 430675 11/03/2024 Books
© Designed and Maintained by Vivekananda Library, MDU Rohtak